<?xml version="1.0" encoding="UTF-8"?><?xml-stylesheet type="text/xsl" href="static/style.xsl"?><OAI-PMH xmlns="http://www.openarchives.org/OAI/2.0/" xmlns:xsi="http://www.w3.org/2001/XMLSchema-instance" xsi:schemaLocation="http://www.openarchives.org/OAI/2.0/ http://www.openarchives.org/OAI/2.0/OAI-PMH.xsd"><responseDate>2026-04-17T20:34:41Z</responseDate><request verb="GetRecord" identifier="oai:www.recercat.cat:20.500.12328/1304" metadataPrefix="marc">https://recercat.cat/oai/request</request><GetRecord><record><header><identifier>oai:recercat.cat:20.500.12328/1304</identifier><datestamp>2025-05-16T12:59:20Z</datestamp><setSpec>com_2072_67741</setSpec><setSpec>col_2072_484352</setSpec></header><metadata><record xmlns="http://www.loc.gov/MARC21/slim" xmlns:dcterms="http://purl.org/dc/terms/" xmlns:xsi="http://www.w3.org/2001/XMLSchema-instance" xmlns:doc="http://www.lyncode.com/xoai" xsi:schemaLocation="http://www.loc.gov/MARC21/slim http://www.loc.gov/standards/marcxml/schema/MARC21slim.xsd">
   <leader>00925njm 22002777a 4500</leader>
   <datafield ind2=" " ind1=" " tag="042">
      <subfield code="a">dc</subfield>
   </datafield>
   <datafield ind2=" " ind1=" " tag="720">
      <subfield code="a">Cavallotti, Rita</subfield>
      <subfield code="e">author</subfield>
   </datafield>
   <datafield ind2=" " ind1=" " tag="260">
      <subfield code="c">2014</subfield>
   </datafield>
   <datafield ind2=" " ind1=" " tag="520">
      <subfield code="a">En este trabajo se describen y comentan&#xd;
algunos conceptos antropológicos y principios&#xd;
éticos útiles para la conciliación trabajo-familia. Se han&#xd;
deducido a través de la reflexión sobre los textos de Karol&#xd;
Wojtyła-Juan Pablo II en materia de persona, familia&#xd;
y trabajo. Estos principios, juntamente con los que&#xd;
derivan de las relaciones que el Pontífice teje entre estas&#xd;
tres realidades, implican –si son asumidos– una serie&#xd;
de cambios en el enfoque teórico de la temática de&#xd;
la conciliación trabajo-familia, y propician una solución&#xd;
relacional, subsidiaria y comunitaria a la problemática.&#xd;
Esta solución –si es escogida– implicaría cambios&#xd;
operativos por parte del Estado, de las empresas y&#xd;
de las familias con vistas al bien común.</subfield>
   </datafield>
   <datafield ind2=" " ind1=" " tag="520">
      <subfield code="a">The present study describes and discusses&#xd;
some anthropological concepts and ethical&#xd;
principles –derived from reflection on the writings of&#xd;
Karol Wojtyła-John Paul II on the concepts of person,&#xd;
family, and work– that are useful for achieving workfamily&#xd;
balance. These principles, together with those&#xd;
arising from the relationships that the Pontiff weaves&#xd;
between those three realities, mean – if accepted – a&#xd;
number of changes in the theoretical approach to the&#xd;
subject of work-family balance, and foster a relational,&#xd;
subsidiary and communitarian solution to the issue.&#xd;
This solution – if selected – would involve operating&#xd;
changes by the state, companies, and families for the&#xd;
sake of the common good.</subfield>
   </datafield>
   <datafield ind1="8" ind2=" " tag="024">
      <subfield code="a">Cavallotti, Rita. «La conciliación trabajo-familia en el pensamiento y el magisterio de Karol Wojtyła». Revista Empresa y Humanismo, 2014, vol. 17, núm. 2, p. 7-29. Disponible en: &lt;https://www.unav.edu/publicaciones/revistas/index.php/empresa-y-humanismo/article/view/2146>. Fecha de acceso: 12 nov. 2019</subfield>
   </datafield>
   <datafield ind1="8" ind2=" " tag="024">
      <subfield code="a">1139-7608</subfield>
   </datafield>
   <datafield ind1="8" ind2=" " tag="024">
      <subfield code="a">http://hdl.handle.net/20.500.12328/1304</subfield>
   </datafield>
   <datafield tag="653" ind2=" " ind1=" ">
      <subfield code="a">Joan Pau II, papa, 1920-2005</subfield>
   </datafield>
   <datafield tag="653" ind2=" " ind1=" ">
      <subfield code="a">Juan Pablo II, Papa, Santo</subfield>
   </datafield>
   <datafield tag="653" ind2=" " ind1=" ">
      <subfield code="a">Treball i família</subfield>
   </datafield>
   <datafield tag="653" ind2=" " ind1=" ">
      <subfield code="a">Work and family</subfield>
   </datafield>
   <datafield tag="653" ind2=" " ind1=" ">
      <subfield code="a">Trabajo y familia</subfield>
   </datafield>
   <datafield tag="653" ind2=" " ind1=" ">
      <subfield code="a">Família</subfield>
   </datafield>
   <datafield tag="653" ind2=" " ind1=" ">
      <subfield code="a">Families</subfield>
   </datafield>
   <datafield tag="653" ind2=" " ind1=" ">
      <subfield code="a">Familias</subfield>
   </datafield>
   <datafield ind2="0" ind1="0" tag="245">
      <subfield code="a">La conciliación trabajo-familia en el pensamiento y el magisterio de Karol Wojtyła</subfield>
   </datafield>
</record></metadata></record></GetRecord></OAI-PMH>